|
|
|
|
| LEADER |
00000cam a2200000 7i4500 |
| 001 |
0000065113 |
| 005 |
20210113093000.0 |
| 008 |
091130s2009 my may |
| 020 |
|
|
|a 9675274336
|
| 020 |
|
|
|a 9789675274336
|
| 090 |
0 |
0 |
|a BP184
|b .B37 2009
|
| 100 |
0 |
|
|a Basri Ibrahim ,
|e author
|
| 245 |
1 |
0 |
|a Segera beribadah sebelum terlambat
|c oleh Basri Ibrahim al-Hasani al-Azhari; disemak oleh Mohd. Puzhi bin Usop
|
| 260 |
|
|
|a Selangor :
|b Al-Hidayah Publications ,
|c 2009
|
| 300 |
|
|
|a xvi, 453 p. :
|b ill. ;
|c 22 cm.
|
| 500 |
|
|
|a Mengandungi ayat-ayat al-quran
|
| 505 |
0 |
|
|a 1. Kepentingan segera melakukan ibadah -- 2. Segera beribadah yang melibatkan persoalan teknikal -- 3. Segera melakukan ibadah yang melibatkan ruang lingkup -- 4. Segera melakukan ibadah hati -- 5. Segera melakukan ibadah lisan -- 6. Segera melakukan ibadah badan -- 7. Segera melakukan ibadah harta -- 8. Balasan syurga untuk orang yang segera melaksanakan ibadah -- 9. Rumusan
|
| 650 |
|
0 |
|a Islam
|x Customs and practices
|
| 650 |
|
0 |
|a Worship (Islam)
|
| 700 |
0 |
|
|a Mohd Puzhi Usop ,
|e author
|
| 999 |
|
|
|a 1000129869
|b Book
|c OPEN SHELF (30 DAYS)
|e Gong Badak Campus
|